Alcohol and Christian influence / (Record no. 1860)

MARC details
000 -LEADER
fixed length control field 00700cam a22002411i 4500
001 - CONTROL NUMBER
control field 8874825
003 - CONTROL NUMBER IDENTIFIER
control field GBCCL
005 - DATE AND TIME OF LATEST TRANSACTION
control field 20241126110411.0
008 - FIXED-LENGTH DATA ELEMENTS--GENERAL INFORMATION
fixed length control field 780530s1957 tnu 000 0 eng
010 ## -
-- 57020156
035 ## - SYSTEM CONTROL NUMBER
System control number (OCoLC)3936712
040 ## - CATALOGING SOURCE
Original cataloging agency DLC
Transcribing agency TCollSM
Modifying agency DLC
042 ## -
-- premarc
050 00 -
-- HV5060
-- .H44
082 ## - DEWEY DECIMAL CLASSIFICATION NUMBER
Classification number 261.83
Item number HEA
100 1# - MAIN ENTRY--PERSONAL NAME
Personal name Hearn, C. Aubrey
Fuller form of name (Charles Aubrey),
Dates associated with a name 1907-1991.
9 (RLIN) 3884
245 10 - TITLE STATEMENT
Title Alcohol and Christian influence /
Statement of responsibility, etc. C. Aubrey Hearn.
260 ## - PUBLICATION, DISTRIBUTION, ETC.
Place of publication, distribution, etc. Nashville :
Name of publisher, distributor, etc. Convention Press,
Date of publication, distribution, etc. c1957.
300 ## - PHYSICAL DESCRIPTION
Extent 138 p. :
Other physical details ill. ;
Dimensions 20 cm.
650 #0 - SUBJECT ADDED ENTRY--TOPICAL TERM
Topical term or geographic name entry element Temperance.
9 (RLIN) 2552
906 ## - LOCAL DATA ELEMENT F, LDF (RLIN)
a 7
b cbc
c oclcrpl
d u
e ncip
f 19
g y-gencatlg
942 ## - ADDED ENTRY ELEMENTS (KOHA)
Source of classification or shelving scheme Dewey Decimal Classification
Koha item type Books
Koha issues (borrowed), all copies 6
Holdings
Withdrawn status Lost status Source of classification or shelving scheme Damaged status Not for loan Home library Current Library Shelving location Date acquired Total checkouts Total renewals Full call number Barcode Date last seen Date last checked out Copy number Price effective from Koha item type
    Dewey Decimal Classification     GRACE BIBLE COLLEGE GRACE BIBLE COLLEGE Ministry & Mission 2017-05-30 7 1 261.83 HEA 009103 2026-02-20 2026-02-18 c.1 2017-05-30 Books
© Grace Bible College Library 2025